Arguing for exploratory quantitative research in HRM and management (notice n° 1738314)
[ vue normale ]
| 000 -LEADER | |
|---|---|
| fixed length control field | 00521cam a2200157 4500500 |
| 005 - DATE AND TIME OF LATEST TRANSACTION | |
| control field | 20260322004213.0 |
| 041 ## - LANGUAGE CODE | |
| Language code of text/sound track or separate title | fre |
| 042 ## - AUTHENTICATION CODE | |
| Authentication code | dc |
| 100 10 - MAIN ENTRY--PERSONAL NAME | |
| Personal name | Coron, Clotilde |
| Relator term | author |
| 245 00 - TITLE STATEMENT | |
| Title | Arguing for exploratory quantitative research in HRM and management |
| 260 ## - PUBLICATION, DISTRIBUTION, ETC. | |
| Date of publication, distribution, etc. | 2026.<br/> |
| 500 ## - GENERAL NOTE | |
| General note | 2 |
| 700 10 - ADDED ENTRY--PERSONAL NAME | |
| Personal name | Charreire-Petit, Sandra |
| Relator term | author |
| 786 0# - DATA SOURCE ENTRY | |
| Note | @GRH | Pub. anticipées | 2026-03-05 | p. I8-XXIII | 2034-9130 |
| 856 41 - ELECTRONIC LOCATION AND ACCESS | |
| Uniform Resource Identifier | <a href="https://shs.cairn.info/revue-agrh1-2025-0-page-I8?lang=fr&redirect-ssocas=7080">https://shs.cairn.info/revue-agrh1-2025-0-page-I8?lang=fr&redirect-ssocas=7080</a> |
Pas d'exemplaire disponible.




Réseaux sociaux